| 000 | 00423pab a2200157 454500 | ||
|---|---|---|---|
| 008 | 180718b1969 xxu||||| |||| 00| 0 eng d | ||
| 100 | _aSingh, Rajendra Pal | ||
| 245 | _aMinistry of inter-ministerial committee of science? | ||
| 260 | _c1969 | ||
| 300 | _ap.591-600. | ||
| 362 | _aJul-Sep | ||
| 650 | _aScientific organizations | ||
| 773 | _aIndian Journal of Public Administration | ||
| 908 | _aN | ||
| 909 | _a100104 | ||
| 999 |
_c100103 _d100103 |
||